书目信息 |
| 题名: |
北极地区发展报告
|
|
| 作者: | 刘惠荣 主编 | |
| 分册: | 2019 | |
| 出版信息: | 北京 社会科学文献出版社·政法传媒分社 2020.10 |
|
| 页数: | 338页 | |
| 开本: | 24cm | |
| 丛书名: | 皮书系列 | |
| 单 册: | ||
| 中图分类: | P941.62 | |
| 科图分类: | ||
| 主题词: | 北极--区域发展--研究报告--2019 | |
| 电子资源: | ||
| ISBN: | 978-7-5201-7253-0 | |
| 000 | 01635nam2 2200349 45 | |
| 001 | 012001002047 | |
| 005 | 20140913094627.0 | |
| 010 | @a978-7-5201-7253-0@dCNY158.00 | |
| 100 | @a20201208d2020 em y0chiy50 ea | |
| 101 | 0 | @achi@deng@eeng |
| 102 | @aCN@b110000 | |
| 105 | @ay z 000yy | |
| 106 | @ar | |
| 200 | 1 | @a北极地区发展报告@Abei ji di qu fa zhan bao gao@h2019@b专著@dReport on Arctic region development@h2019@f刘惠荣主编@zeng |
| 210 | @a北京@c社会科学文献出版社·政法传媒分社@d2020.10 | |
| 215 | @a338页@d24cm | |
| 225 | 2 | @a皮书系列 |
| 300 | @a北极蓝皮书 No.5 2020版 | |
| 300 | @a教育部哲学社会科学发展报告 教育部人文社会科学重点研究基地中国海洋大学海洋发展研究院 中国海洋大学一流大学建设专项经费资助 | |
| 300 | @a并列题名:Report on Arctic region development | |
| 300 | @a书脊题名:2020北极蓝皮书 | |
| 330 | @a本书主体由总报告、治理篇、开发篇、航运篇、国别篇等组成,共收录有15篇报告。总报告是陈奕彤、刘惠荣、孙凯写的《2019年度北极事务动态及中国的策略选择》,对北极国家在北极地区的动态进行最新的跟踪和评估。随着北极进入“开发时代”,北极地区的开发所涉及的问题需要我们深入研究,北极航运及其治理日益成为国际社会关注的重点问题;美国、加拿大、俄罗斯作为北极国家中的“三大国”,其北极政策值得我们关注。 | |
| 410 | 0 | @12001 @a皮书系列 |
| 461 | 0 | @12001 @a皮书系列 |
| 510 | 1 | @aReport on Arctic region development@h2019@zeng |
| 516 | 1 | @a2020北极蓝皮书@A2020 bei ji lan pi shu |
| 606 | 0 | @a北极@x区域发展@x研究报告@z2019 |
| 607 | @a北极@x区域发展@x研究报告@z2019 | |
| 690 | @aP941.62@v5 | |
| 701 | 0 | @a刘惠荣@Aliu hui rong@4主编 |
| 801 | 0 | @aCN@bBJSDL@c20211011 |
| 905 | @b1338233-5@dP941.62@e207@f3 | |
| 北极地区发展报告.2019=Report on Arctic region development.2019/刘惠荣主编.-北京:社会科学文献出版社·政法传媒分社,2020.10 |
| 338页;24cm.-(皮书系列) |
| 北极蓝皮书 No.5 2020版.-教育部哲学社会科学发展报告 教育部人文社会科学重点研究基地中国海洋大学海洋发展研究院 中国海洋大学一流大学建设专项经费资助.-并列题名:Report on Arctic region development.-书脊题名:2020北极蓝皮书 |
| ISBN 978-7-5201-7253-0:CNY158.00 |
| 本书主体由总报告、治理篇、开发篇、航运篇、国别篇等组成,共收录有15篇报告。总报告是陈奕彤、刘惠荣、孙凯写的《2019年度北极事务动态及中国的策略选择》,对北极国家在北极地区的动态进行最新的跟踪和评估。随着北极进入“开发时代”,北极地区的开发所涉及的问题需要我们深入研究,北极航运及其治理日益成为国际社会关注的重点问题;美国、加拿大、俄罗斯作为北极国家中的“三大国”,其北极政策值得我们关注。 |
| ● |
| 相关链接 |
|
|
|
|
正题名:北极地区发展报告
索取号:P941.62/207
 
预约/预借
| 序号 | 登录号 | 条形码 | 馆藏地/架位号 | 状态 | 备注 |
| 1 | 1338233 | 213382338 | 第二样本阅览室/ [索取号:P941.62/207] | 在馆 | |
| 2 | 1338234 | 213382347 | 第三借阅区/ [索取号:P941.62/207] | 在馆 | |
| 3 | 1338235 | 213382356 | 第三借阅区/ [索取号:P941.62/207] | 在馆 |